| Tag |
First Indicator |
Second Indicator |
Subfields |
| LEADER |
00000cam a2200000 i 4500 |
| 001 |
in00004002313 |
| 005 |
20180625160859.0 |
| 008 |
171003s2018 nyu 000 1 eng |
| 010 |
|
|
|a 2017045135
|
| 035 |
|
|
|a (OCoLC)on1005743826
|
| 040 |
|
|
|a DLC
|b eng
|e rda
|c DLC
|d YDX
|d BDX
|d OCLCO
|d OCLCQ
|d GDK
|d UAP
|d CGP
|d OCLCO
|d CZA
|d YDX
|d FMF
|d OCLCO
|
| 019 |
|
|
|a 1003252284
|
| 020 |
|
|
|a 9781590518700
|q paperback
|
| 020 |
|
|
|a 1590518705
|q paperback
|
| 024 |
8 |
|
|a 40028244167
|
| 035 |
|
|
|a (OCoLC)1005743826
|
| 041 |
1 |
|
|a eng
|h spa
|
| 042 |
|
|
|a pcc
|
| 043 |
|
|
|a s-cl---
|
| 050 |
0 |
0 |
|a PQ8098.417.U35
|b C6613 2018
|
| 082 |
0 |
0 |
|a 863/.7
|2 23
|
| 084 |
|
|
|a FIC044000
|a FIC046000
|a FIC019000
|2 bisacsh
|
| 049 |
|
|
|a TXAM
|
| 100 |
1 |
|
|a Guelfenbein, Carla,
|d 1959-
|e author.
|
| 240 |
1 |
0 |
|a Contigo en la distancia.
|l English
|
| 245 |
1 |
0 |
|a In the distance with you /
|c Carla Guelfenbein ; translated from the Spanish by John Cullen.
|
| 264 |
|
1 |
|a New York :
|b Other Press,
|c [2018]
|
| 300 |
|
|
|a 407 pages ;
|c 22 cm
|
| 336 |
|
|
|a text
|b txt
|2 rdacontent
|
| 337 |
|
|
|a unmediated
|b n
|2 rdamedia
|
| 338 |
|
|
|a volume
|b nc
|2 rdacarrier
|
| 520 |
|
|
|a "Inspired by the life of ground-breaking Brazilian writer Clarice Lispector, this Chilean literary thriller tells the story of three characters whose lives are intertwined with that of an enigmatic author"--
|c Provided by publisher.
|
| 650 |
|
7 |
|a FICTION
|x Contemporary Women.
|2 bisacsh
|
| 650 |
|
7 |
|a FICTION
|x Jewish.
|2 bisacsh
|
| 650 |
|
7 |
|a FICTION
|x Literary.
|2 bisacsh
|
| 650 |
|
0 |
|a Interpersonal relations
|v Fiction.
|
| 650 |
|
0 |
|a Man-woman relationships
|v Fiction.
|
| 650 |
|
0 |
|a Authors
|v Fiction.
|
| 650 |
|
0 |
|a Coma
|x Patients
|v Fiction.
|
| 650 |
|
0 |
|a Envy
|v Fiction.
|
| 650 |
|
0 |
|a Nineteen fifties
|v Fiction.
|
| 651 |
|
0 |
|a Chile
|v Fiction.
|
| 650 |
|
4 |
|a FICTION / Contemporary Women.
|
| 650 |
|
4 |
|a FICTION / Jewish.
|
| 650 |
|
4 |
|a FICTION / Literary.
|
| 650 |
|
4 |
|a FICTION / Women.
|
| 655 |
|
7 |
|a Thrillers (Fiction)
|2 lcgft
|
| 655 |
|
7 |
|a Suspense fiction.
|2 gsafd
|
| 700 |
1 |
|
|a Cullen, John,
|d 1942-
|e translator.
|
| 776 |
0 |
8 |
|i Online version:
|a Guelfenbein, Carla, 1959-
|t In the distance with you.
|d New York : Other Press, 2018
|z 9781590518717
|w (DLC) 2017047616
|
| 945 |
|
|
|b 609167
|
| 947 |
|
|
|a A14850492555
|
| 994 |
|
|
|a 92
|b TXA
|
| 948 |
|
|
|a Cataloged
|b h
|c 2018/06/25
|d c
|e TMinier
|f 04:08:56 PM
|
| 999 |
f |
f |
|s a28f8b71-d933-3faf-a858-b75e9ba75d04
|i d58a24b2-a332-349d-9ade-4f7a6b46cdac
|t 0
|
| 952 |
f |
f |
|p normal
|a Texas A&M University
|b College Station
|c Sterling C. Evans Library
|d Evans: Library Stacks
|t 0
|e PQ8098.417.U35 C6613 2018
|h Library of Congress classification
|i unmediated -- volume
|m A14850492555
|
| 998 |
f |
f |
|a PQ8098.417.U35 C6613 2018
|t 0
|l Evans: Library Stacks
|